000 00410nam a2200181Ia 4500
100 _aConnor/J.D.O
650 _aCommunication Skill
250 _a2
942 _cBK
366 _f25
654 _aenglish pronunciation
245 _aBetter English Pronunciation
260 _bCambridge University Press
_c1980
082 _a371.2
_bCON
300 _a150
546 _aENGLISH
_cproduction
999 _c35262
_d35262